| 000 | 00794cab a2200241 4500 | ||
|---|---|---|---|
| 001 | ABS54625 | ||
| 008 | 090401t1996 xxu||||| |||| 00| 0 eng d | ||
| 035 | _a(Sirsi) u11403 | ||
| 041 | _aeng | ||
| 100 | _aBaker, B. | ||
| 245 | _aJunctions are weak link in cycle network | ||
| 260 | _c1996 | ||
| 350 | _a0 | ||
| 490 |
_aSurveyor _v183(5374) 8 February 1996, 12(1) |
||
| 520 | _aA report by the Department of Transport and three cycling bodies sets out planning and engineering guidelines for a National Cycle Network, emphasising traffic restraint and prioritisation. | ||
| 650 | _aCYCLE FRIENDLY INFRASTRUCTURE | ||
| 650 | _aCYCLE ROUTES | ||
| 650 | _aNATIONAL CYCLE NETWORK | ||
| 650 | _aSUSTRANS | ||
| 690 | _aTRANSPORT AND COMMUNICATIONS | ||
| 942 | _n0 | ||
| 948 | _c04/03/1997 | ||
| 999 |
_c7267 _d7267 |
||